000 01594cam a2200337 a 4500
005 20191224041614.0
008 990520s1999 dcuad b i000 0 eng
020 _a9280717227
040 _aDLC
_cDLC
_dDLC
_dCO-BoIAVH
041 0 _aeng
044 _axxu
082 0 0 _a363.73875
_bS41s
245 0 0 _aScientific assessment of ozone depletion :
_b1998. /
260 _aWashington, DC :
_bNational Oceanic and Atmospheric Administration :
_bNational Aeronautics and Space Administration ;
_aNairobi, Kenya :
_bUnited Nations Environment Programme ;
_aGeneva, Switzerland :
_bWorld Meteorological Organization ;
_aBrussels, Belgium :
_bEuropean Commission,
_c1999.
300 _axxxix , 559 páginas :
_bIlustraciones, gráficos;
_c28 x 21 cm.
490 1 _aReport / World Meteorological Organization, Global Ozone Research and Monitoring Project ;
_vno. 44
504 _aIncluye referencias bibliográficas.
650 0 _aOzone layer depletion.
650 0 _aGlobal warming.
650 0 _aAtmospheric chemistry.
650 6 _aDegradación de la capa de ozono
650 6 _aCambios globales de temperatura.
650 6 _aAtmósfera
710 1 _aUnited States.
_bNational Oceanic and Atmospheric Administration.
710 1 _aUnited States.
_bNational Aeronautics and Space Administration.
710 2 _aUnited Nations Environment Programme.
710 2 _aWorld Meteorological Organization.
710 2 _aEuropean Commission.
730 0 _d(1985).
_kProtocols, etc.,
_d1987 September 15.
_953385
942 _2ddc
_cLIBRO
999 _c1813
_d1813